000 00356nam a2200145Ia 4500
008 230917s9999||||xx |||||||||||||| ||und||
040 _e95066
_aMAIN
041 _aEnglish
082 _a658.8 B751C
100 _aBrennan, Ross
245 0 _aContemporary strategic marketing
260 _aNew York
_bPalgrave
_c2003
300 _axx, 380 p.
942 _cBK
999 _c115436
_d115436